000 00317 a2200121 4500
000 nam a22 7a 4500
005 20260211155112.0
020 _a9789360865320
100 _aSamar Basu Mallik, Santosh Kido, Ranendra
_91115286
245 _aAadivasi Darshan
260 _bRajkamal Prakashan
_c2024
942 _cTEXL
999 _c1679361
_d1679361